| 000 | 00831nam a22002297a 4500 | ||
|---|---|---|---|
| 005 | 20240530110918.0 | ||
| 008 | 220221s2010 ua a g b 000 0 ara d | ||
| 020 | _a9789953823027 | ||
| 040 |
_aEG-CaGPL _cEG-CaGPL |
||
| 082 | 0 | 4 |
_221 _a332.4042 / _bهـ ت |
| 100 | 0 | _aهشام البساط | |
| 245 | 1 | 0 |
_aتاريخ النقود فى نهاية العصر العباسى خلال فترة بدر الدين لولو / _cهشام البساط |
| 250 | _aط.1 | ||
| 260 |
_aبيروت : _bمركز دراسات الوحدة العربية، _c2010 |
||
| 300 |
_a192 ص؛ _c24 سم |
||
| 600 | 0 | _aبدر الدين لولو | |
| 650 | 0 | 7 |
_aالنقود المعدنية _2qrmak _xالعصر العباسى |
| 650 | 0 | 7 |
_aالزنكيون _2qrmak |
| 651 | _2qrmak | ||
| 942 |
_2ddc _cBK |
||
| 999 |
_c66426 _d66426 |
||